000 00487nam a2200145Ia 4500
008 230917s9999||||xx |||||||||||||| ||und||
040 _e189954
_aMAIN
041 _aEnglish
082 _a891.43371109 RF298:TA
100 _aतिवारी, अंजलि
245 0 _aफणीश्वरनाथ रेणू का साहित्य
260 _aदिल्ली
_bऋषभचरण जैन एण्ड सन्स
_c1983
300 _a140 पृ. p.
942 _cHN
999 _c44754
_d44754